000
00309nam a2200121Ia 4500
008
190216s9999||||xx |||||||||||||| ||und||
100
_a
Weatherburn C E
245
2
_a
A First Course In Statistics
260
_b
The English Language Book Society
_c
1946
300
_a
277p
650
_a
Mathematics
942
_c
BK
999
_c
37165
_d
37165